Kaisarion Lyrics-Ghost - Statistics

General Stats
  • This quiz has been taken 457 times
  • The average score is 236 of 340
Answer Stats
Answer % Correct
A
99%
a
99%
Kaisarion
99%
to
97%
of
96%
the
96%
The
96%
From
93%
from
93%
told
92%
prophecy
91%
an
90%
empire
90%
ashes
89%
old
88%
We're
88%
were
88%
our
87%
Our
87%
building
85%
go
78%
away
77%
For
77%
is
77%
womb
77%
fruit
76%
It's
75%
heavens
74%
When
73%
Far
72%
straight
72%
your
71%
lost
70%
forever
69%
paradise
69%
sound
68%
stench
67%
close
65%
deadline
65%
past
65%
another
64%
brotherhood
63%
matter
63%
Whistling
63%
ears
62%
Long
62%
love
62%
that
62%
That
62%
ago
61%
doom
61%
Hypatia
61%
too
61%
million
59%
through
59%
Through
59%
good
58%
on
58%
over
58%
years
58%
no
57%
regrets
57%
yet
57%
up
56%
above
55%
mother
55%
never
55%
times
55%
by
54%
Mounting
54%
Sealed
53%
spoken
53%
Swept
53%
right
52%
words
52%
echoes
51%
en
51%
faith
51%
And
49%
her
49%
satanic
49%
apostate
48%
avail
48%
calling
48%
burning
47%
choirboys
47%
suite
47%
With
47%
earth
46%
Put
46%
rhymes
46%
sight
46%
tail
46%
truth
46%
witch's
46%
handmaid's
45%
holy
45%
smiles
45%
wiles
45%
at
44%
dogma
44%
in
44%
licks
44%
throw
44%
bishops
43%
their
43%
father
41%
righteous
41%
smell
41%
temples
41%
tongue
41%
rocks
40%
deceit
39%
prism
39%
hides
38%
adulation
34%
shown
33%
candor
32%
noise
31%
continence
24%
soiled
24%
No matching quizzes found
Score Distribution
Percent of People with Each Score
Percentile by Number Answered
Your Score History
You have not taken this quiz